[Event "DSOL 06 Liga Gr-D 1st"]
[Site "Playchess.com INT"]
[Date "2020.07.31"]
[Round "6.3"]
[White "Schild, Andreas"]
[Black "Boos, Michael"]
[Result "1/2-1/2"]
[WhiteElo "1645"]
[BlackElo "1752"]
[PlyCount "91"]
[EventDate "2020.06.22"]
[EventType "team-tourn (rapid)"]
[EventCountry "GER"]
[SourceTitle "EXT 2021"]
[Source "ChessBase"]
[SourceDate "2020.10.23"]
[SourceVersion "1"]
[SourceVersionDate "2020.10.23"]
[SourceQuality "1"]
[WhiteTeam "Hamburger SK VI"]
[BlackTeam "Windach"]
[WhiteTeamCountry "GER"]
[BlackTeamCountry "GER"]

1. e4 c5 2. Nf3 Nc6 3. Bb5 g6 4. Bxc6 bxc6 5. e5 Bg7 6. 0-0 d5 7. exd6 exd6 8. Re1+ Be6 9. d3 Nf6 10. Ng5 Qd7 11. Qe2 0-0 12. Nxe6 Rae8 13. Qd1 fxe6 14. Nc3 e5 15. f3 Nd5 16. Ne4 Nf4 17. c3 Kh8 18. Be3 Rb8 19. Rb1 Rb7 20. Qd2 Nd5 21. Bf2 Rfb8 22. Qg5 Rxb2 23. Rxb2 Rxb2 24. c4 Nf4 25. Nf6 Qd8 26. Nxh7 Qxg5 27. Nxg5 Nxd3 28. Rf1 Kg8 29. Ne4 Bh6 30. Bg3 Nf4 31. Bxf4 exf4 32. Nxd6 Rxa2 33. Re1 Bf8 34. Re8 Kg7 35. Ne4 Kf7 36. Rc8 Rc2 37. Rxc6 Rxc4 38. Rc7+ Ke6 39. Rxa7 Be7 40. Ra6+ Kf5 41. Ra7 Rc1+ 42. Kf2 Bh4+ 43. Ke2 Rc2+ 44. Nd2 c4 45. Kd1 Rc3 46. Rc7 1/2-1/2

[Event "Hamburg-ch Seniors 22nd"]
[Site "Hamburg"]
[Date "2015.11.01"]
[Round "6"]
[White "Meyer, Winfried"]
[Black "Schild, Andreas"]
[Result "1-0"]
[WhiteElo "1644"]
[BlackElo "1814"]
[PlyCount "95"]
[EventDate "2015.10.28"]
[EventType "swiss"]
[EventRounds "9"]
[EventCountry "GER"]
[SourceTitle "EXT 2018"]
[Source "ChessBase"]
[SourceDate "2017.10.13"]
[SourceVersion "1"]
[SourceVersionDate "2017.10.13"]
[SourceQuality "1"]

1. e4 e5 2. Nf3 Nc6 3. Bb5 a6 4. Bxc6 dxc6 5. 0-0 Bg4 6. h3 Bh5 7. g4 Bg6 8. Nxe5 Qd4 9. Nf3 Qb6 10. Nc3 0-0-0 11. Qe2 Be7 12. d3 f6 13. Rb1 Bf7 14. a3 g5 15. Be3 c5 16. b4 Qc6 17. b5 axb5 18. Nxb5 Qa6 19. c4 c6 20. Nc3 Kc7 21. Rb3 Rxd3 22. Qxd3 Bxc4 23. Qb1 Bxf1 24. Qxf1 c4 25. Rb1 Qxa3 26. Bb6+ Kb8 27. Qxc4 Nh6 28. Nd4 Qd6 29. Qa4 Rf8 30. Nxc6+ Qxc6 31. Qxc6 bxc6 32. Bc5+ Kc7 33. Bxe7 Rf7 34. Bc5 Rd7 35. Rd1 Rxd1+ 36. Nxd1 Kd7 37. Ne3 Nf7 38. Nc4 Nd8 39. Kg2 Ne6 40. Be3 c5 41. Kg3 Kc6 42. f4 h6 43. Kf3 Kb5 44. Nd6+ Kb4 45. Ne8 gxf4 46. Bxf4 c4 47. Nxf6 c3 48. Nd5+ 1-0

[Event "Hamburg-ch Seniors 22nd"]
[Site "Hamburg"]
[Date "2015.10.30"]
[Round "3"]
[White "Schild, Andreas"]
[Black "Wagner, Wolfgang"]
[Result "1/2-1/2"]
[WhiteElo "1814"]
[BlackElo "1681"]
[PlyCount "48"]
[EventDate "2015.10.28"]
[EventType "swiss"]
[EventRounds "9"]
[EventCountry "GER"]
[SourceTitle "EXT 2018"]
[Source "ChessBase"]
[SourceDate "2017.10.13"]
[SourceVersion "1"]
[SourceVersionDate "2017.10.13"]
[SourceQuality "1"]

1. e4 c5 2. Nc3 Nc6 3. g3 d6 4. Bg2 Nf6 5. f4 e6 6. Nf3 g6 7. 0-0 Bg7 8. d3 0-0 9. Be3 Ng4 10. Bd2 a6 11. h3 Nh6 12. Kh1 Rb8 13. e5 Nf5 14. Qe1 Ncd4 15. Rc1 b5 16. g4 Nxf3 17. Bxf3 Qh4 18. Qxh4 Nxh4 19. Kg1 dxe5 20. Bh1 Bb7 21. fxe5 Bxe5 22. Bg5 Bd4+ 23. Kh2 Be5+ 24. Kg1 Bd4+ 1/2-1/2

[Event "Hamburg Seniors op 19th"]
[Site "Hamburg"]
[Date "2012.10.31"]
[Round "8"]
[White "Schild, Andreas"]
[Black "Duemmke, Juergen"]
[Result "0-1"]
[WhiteElo "1656"]
[BlackElo "1922"]
[PlyCount "102"]
[EventDate "2012.10.24"]
[EventType "swiss"]
[EventRounds "9"]
[EventCountry "GER"]
[SourceTitle "EXT 2015"]
[Source "ChessBase"]
[SourceDate "2014.11.20"]
[SourceVersion "1"]
[SourceVersionDate "2014.11.20"]
[SourceQuality "1"]

1. e4 Nf6 2. Nc3 d5 3. e5 Nfd7 4. d4 e6 5. Nf3 c5 6. Be3 cxd4 7. Qxd4 Nc6 8. Qf4 Qa5 9. Bd2 Qb6 10. b3 a6 11. 0-0-0 Qc7 12. Re1 Ba3+ 13. Kb1 Nf8 14. Qa4 Be7 15. Nb5 Qb8 16. Nd6+ Bxd6 17. exd6 Qxd6 18. Bf4 Qb4 19. Qxb4 Nxb4 20. Bd6 Nc6 21. c4 dxc4 22. Bxc4 b5 23. Bd3 Bb7 24. Bc2 Rd8 25. Rd1 Ng6 26. Rhe1 Nce7 27. Ne5 Nxe5 28. Rxe5 Nd5 29. Rdxd5 Bxd5 30. Bc5 f6 31. Re3 Kf7 32. g3 g6 33. f4 Rhe8 34. Re2 e5 35. fxe5 Rxe5 36. Rf2 Be4 37. Bxe4 Rxe4 38. b4 Rd1+ 39. Kb2 Rde1 40. h4 R4e2+ 41. Rxe2 Rxe2+ 42. Kb3 Rg2 43. Bd6 Ke6 44. Bc7 Kd5 45. Bb8 f5 46. Bc7 Kd4 47. Bb6+ Kd3 48. Bc7 Rg1 49. Kb2 Kc4 50. Bd6 Rg2+ 51. Kb1 Kc3 0-1

[Event "Hamburg-ch Seniors 18th"]
[Site "Hamburg"]
[Date "2011.11.04"]
[Round "7"]
[White "Schild, Andreas"]
[Black "Daebel, Hasso"]
[Result "1-0"]
[WhiteElo "1763"]
[BlackElo "1722"]
[PlyCount "140"]
[EventDate "2011.10.29"]
[EventType "swiss"]
[EventRounds "9"]
[EventCountry "GER"]
[SourceTitle "EXT 2015"]
[Source "ChessBase"]
[SourceDate "2014.11.20"]
[SourceVersion "1"]
[SourceVersionDate "2014.11.20"]
[SourceQuality "1"]

1. e4 c5 2. c3 b6 3. d4 cxd4 4. cxd4 d5 5. e5 e6 6. Nf3 Be7 7. Bd3 Bd7 8. Nc3 a6 9. a3 Nc6 10. Bd2 Na5 11. 0-0 Nc4 12. Bc1 b5 13. b3 Nb6 14. Qe2 Qc8 15. Bd2 Nh6 16. Bxh6 gxh6 17. Qc2 b4 18. axb4 Bxb4 19. Rfc1 Qb7 20. Qe2 a5 21. Nb5 Rc8 22. Rxc8+ Nxc8 23. Rc1 Bxb5 24. Bxb5+ Ke7 25. Ba6 Qb8 26. Qc2 Nb6 27. Qc6 Rd8 28. Qb5 Nd7 29. Qd3 Nf8 30. Rc6 Ng6 31. Qc2 Kf8 32. h4 Kg7 33. h5 Ne7 34. Rc7 Qb6 35. Bd3 Nf5 36. Bxf5 exf5 37. Rc6 Qb7 38. Nh4 Bd2 39. Nxf5+ Kh8 40. Nd6 Rxd6 41. Rxd6 Bg5 42. Rc6 Qb4 43. Qd1 Bd2 44. Rc8+ Kg7 45. Rc2 Bg5 46. Qd3 a4 47. bxa4 Qxa4 48. g3 Qd7 49. f4 Be7 50. g4 f6 51. Qf5 Qb7 52. Rg2 Qb4 53. Qd3 fxe5 54. dxe5 Qe1+ 55. Kh2 Qh4+ 56. Qh3 Qe1 57. Rc2 Qe4 58. Rf2 d4 59. Qf3 Qb1 60. g5 Qf5 61. gxh6+ Kxh6 62. Qc6+ Kxh5 63. Qe8+ Kg4 64. Qxe7 Qh5+ 65. Kg1 Qf5 66. Qg5+ Qxg5 67. fxg5 Kxg5 68. e6 d3 69. e7 d2 70. Rxd2 Kf6 1-0

[Event "Hamburg-ch Seniors 18th"]
[Site "Hamburg"]
[Date "2011.11.01"]
[Round "4"]
[White "Graffenberger, Marianne"]
[Black "Schild, Andreas"]
[Result "0-1"]
[WhiteElo "1476"]
[BlackElo "1763"]
[PlyCount "60"]
[EventDate "2011.10.29"]
[EventType "swiss"]
[EventRounds "9"]
[EventCountry "GER"]
[SourceTitle "EXT 2015"]
[Source "ChessBase"]
[SourceDate "2014.11.20"]
[SourceVersion "1"]
[SourceVersionDate "2014.11.20"]
[SourceQuality "1"]

1. e4 d5 2. exd5 Qxd5 3. Nc3 Qd6 4. Nf3 a6 5. Be2 Nc6 6. d3 Nf6 7. Be3 e5 8. Ne4 Nxe4 9. dxe4 Qb4+ 10. Bd2 Qxe4 11. 0-0 Bg4 12. Re1 0-0-0 13. Ng5 Bxe2 14. Rxe2 Qf5 15. Qc1 h6 16. Nf3 e4 17. Ne1 Nd4 18. Re3 Bd6 19. c3 Ne6 20. b4 Bf4 21. Re2 Qb5 22. c4 Bxd2 23. Rxd2 Qxb4 24. Rxd8+ Rxd8 25. a3 Qd2 26. Qc2 Qxc2 27. Nxc2 f5 28. Re1 c6 29. g3 Nd4 30. Ne3 Nf3+ 0-1

[Event "Hamburg-ch Seniors op 16th"]
[Site "Hamburg"]
[Date "2009.11.07"]
[Round "8"]
[White "Schild, Andreas"]
[Black "Berking, Bernhard"]
[Result "1/2-1/2"]
[WhiteElo "1556"]
[BlackElo "1541"]
[PlyCount "107"]
[EventDate "2009.10.31"]
[EventType "swiss"]
[EventRounds "9"]
[EventCountry "GER"]
[SourceTitle "EXT 2022"]
[Source "ChessBase"]
[SourceDate "2021.10.06"]
[SourceVersion "1"]
[SourceVersionDate "2021.10.06"]
[SourceQuality "1"]

1. e4 c5 2. c3 d5 3. e5 Nc6 4. Nf3 Qc7 5. d4 e6 6. Be3 cxd4 7. cxd4 Bb4+ 8. Nc3 Nge7 9. a3 Bxc3+ 10. bxc3 Nf5 11. Bd2 Bd7 12. Bd3 Na5 13. 0-0 Nc4 14. Bc1 Qa5 15. Qb3 b5 16. Qb4 Qc7 17. Bxc4 bxc4 18. Rb1 a5 19. Qb7 Qxb7 20. Rxb7 h6 21. Bd2 Ba4 22. g4 Ne7 23. Nh4 g5 24. Ng2 Nc6 25. f4 Ra7 26. Rxa7 Nxa7 27. fxg5 hxg5 28. Rf3 Nb5 29. Bc1 Ke7 30. Bxg5+ Ke8 31. Bc1 Bd1 32. Rg3 Rg8 33. g5 Ke7 34. Kf2 Bc2 35. h4 Bd3 36. Nf4 Nxc3 37. Rxd3 cxd3 38. Nxd3 Rb8 39. h5 Nb5 40. Bd2 Nxa3 41. Bxa5 Nb5 42. Bb4+ Kd7 43. Ke3 Rg8 44. Nc5+ Ke8 45. Nxe6 fxe6 46. g6 Rg7 47. Kd3 Na7 48. Ke3 Nc6 49. Bc5 Ne7 50. Kf4 Kf8 51. Kg5 Kg8 52. Kf6 Nf5 53. Kg5 Ng3 54. Kg4 1/2-1/2

[Event "Hamburg-ch Seniors op 16th"]
[Site "Hamburg"]
[Date "2009.11.06"]
[Round "7"]
[White "Voss, Werner"]
[Black "Schild, Andreas"]
[Result "1-0"]
[WhiteElo "1689"]
[BlackElo "1556"]
[PlyCount "59"]
[EventDate "2009.10.31"]
[EventType "swiss"]
[EventRounds "9"]
[EventCountry "GER"]
[SourceTitle "EXT 2022"]
[Source "ChessBase"]
[SourceDate "2021.10.06"]
[SourceVersion "1"]
[SourceVersionDate "2021.10.06"]
[SourceQuality "1"]

1. e4 c6 2. Nc3 d5 3. Qf3 d4 4. Bc4 e6 5. Nce2 c5 6. a3 Nc6 7. Qg3 Nge7 8. d3 Ng6 9. f4 Be7 10. Nf3 Bd7 11. 0-0 Qc7 12. Bd2 a6 13. a4 b6 14. c3 dxc3 15. Bxc3 Bf6 16. e5 Be7 17. Rfc1 Qb7 18. Be1 Rd8 19. h4 h5 20. Ng5 Rh6 21. Qf2 Nf8 22. Bd2 f5 23. exf6 Rxf6 24. Bc3 Rg6 25. f5 Bxg5 26. fxg6 Nxg6 27. hxg5 b5 28. Rf1 Nce5 29. Bxe5 Nxe5 30. Qf8# 1-0

[Event "Schleswig Holstein-ch Seniors op"]
[Site "Eckernfoerde"]
[Date "2007.10.02"]
[Round "7"]
[White "Wisotzki, Guenter"]
[Black "Schild, Andreas"]
[Result "1-0"]
[WhiteElo "1532"]
[BlackElo "1634"]
[PlyCount "103"]
[EventDate "2007.09.26"]
[EventType "swiss"]
[EventRounds "7"]
[EventCountry "GER"]
[SourceTitle "EXT 2008"]
[Source "ChessBase"]
[SourceDate "2007.11.25"]
[SourceVersion "1"]
[SourceVersionDate "2007.11.25"]
[SourceQuality "1"]

1. d4 d5 2. c4 c6 3. e3 Nf6 4. Nc3 e6 5. a3 Nbd7 6. c5 b6 7. b4 a5 8. Bb2 Be7 9. Nf3 0-0 10. Qc2 Qc7 11. Bd3 Ba6 12. 0-0 Bxd3 13. Qxd3 b5 14. Rfe1 e5 15. dxe5 Nxe5 16. Qe2 Nc4 17. Nd4 Nxb2 18. Qxb2 Ng4 19. Nf3 Bf6 20. Rac1 Ne5 21. Nxe5 Bxe5 22. h3 f5 23. Qc2 Qf7 24. Ne2 Qf6 25. Rcd1 axb4 26. axb4 Ra4 27. f4 Bc7 28. Rd4 Rfa8 29. Nc3 Ra1 30. Rxa1 Rxa1+ 31. Kh2 g5 32. g3 gxf4 33. gxf4 Kh8 34. Nxd5 Qg7 35. Qg2 Qxg2+ 36. Kxg2 cxd5 37. Rxd5 Ra8 38. Rxf5 Kg7 39. Rd5 Bd8 40. Kf3 Bf6 41. Rd7+ Kg6 42. Rb7 Ra3 43. Ke4 Rc3 44. Rxb5 Rc4+ 45. Kd5 Rc1 46. e4 Rd1+ 47. Ke6 Rd4 48. f5+ Kg5 49. h4+ Kxh4 50. Kxf6 Rxe4 51. c6 Rc4 52. Rc5 1-0

[Event "Schleswig Holstein-ch Seniors op"]
[Site "Eckernfoerde"]
[Date "2007.09.30"]
[Round "5"]
[White "Jensen, Helmut"]
[Black "Schild, Andreas"]
[Result "1-0"]
[WhiteElo "1736"]
[BlackElo "1634"]
[PlyCount "45"]
[EventDate "2007.09.26"]
[EventType "swiss"]
[EventRounds "7"]
[EventCountry "GER"]
[SourceTitle "EXT 2008"]
[Source "ChessBase"]
[SourceDate "2007.11.25"]
[SourceVersion "1"]
[SourceVersionDate "2007.11.25"]
[SourceQuality "1"]

1. e4 c6 2. Nc3 d5 3. d4 dxe4 4. Nxe4 Bf5 5. Ng3 Bg6 6. Nf3 h6 7. Ne5 Bh7 8. Bc4 e6 9. c3 Nf6 10. 0-0 Be7 11. f4 0-0 12. f5 Nd5 13. Qg4 Nf6 14. Qh3 exf5 15. Nxf5 Bxf5 16. Qxf5 Nbd7 17. Bxh6 gxh6 18. Qg6+ Kh8 19. Qxh6+ Kg8 20. Rf3 Nh7 21. Rxf7 Rxf7 22. Bxf7+ Kh8 23. Ng6# 1-0

[Event "GER Seniors Derby 06th"]
[Site "Wesel Undeloh"]
[Date "2007.04.14"]
[Round "4.21"]
[White "Schild, Andreas"]
[Black "Queiss, Bernd"]
[Result "1-0"]
[WhiteElo "1578"]
[BlackElo "1292"]
[PlyCount "47"]
[EventDate "2007.04.12"]
[EventType "swiss"]
[EventRounds "7"]
[EventCountry "GER"]
[SourceTitle "EXT 2022"]
[Source "ChessBase"]
[SourceDate "2021.10.06"]
[SourceVersion "1"]
[SourceVersionDate "2021.10.06"]
[SourceQuality "1"]

1. e4 c6 2. d4 d5 3. e5 Bf5 4. Nc3 e6 5. g4 Bg6 6. Nge2 h6 7. h4 f5 8. h5 Bh7 9. Ng3 Qa5 10. gxf5 exf5 11. Bh3 Ne7 12. Qf3 Nd7 13. Bd2 Qc7 14. 0-0-0 0-0-0 15. Nxf5 Kb8 16. Nd6 Bg8 17. Rhg1 Ka8 18. Qg2 Nc8 19. Nf5 Be6 20. Nxg7 Bxh3 21. Qxh3 Bxg7 22. Rxg7 Rdg8 23. Rdg1 Rxg7 24. Rxg7 1-0